| 000 | 00513nam a2200181 a 4500 | ||
|---|---|---|---|
| 005 | 20140310183426.0 | ||
| 008 | 071002s19uu xx 00 eng d | ||
| 020 | _a978-033522172-1 | ||
| 050 |
_aP 94.5 _b.Al365 2007 |
||
| 100 | _aAldridge, Merly | ||
| 245 |
_aUnderstanding the Local Media. / _cMerly Aldridge |
||
| 260 |
_aEngland : _bOpen University Press, _c2007. |
||
| 300 |
_a193 p. : _c23 cm. |
||
| 521 | _aMC | ||
| 650 |
_aPress and politics _xUnited States. |
||
| 942 |
_cBK _2lcc _kFOR |
||
| 999 |
_c22649 _d22649 |
||